00721nam a2200205 a 450000100100000000500170001000800410002702000180006804000250008608200150011110000300012624500980015626000370025430000280029149000230031950000760034250000460041870000280046483000230049200003391920200930070626.0110914s2008 cl a 000 0 spa d a9789583005701 aDO-SdBNPbspacBNPHU axxxxbxxxx1 aEspaña, Gonzalo,c1945-10aRelatos de la conquista de América /cGonzalo España ; ilustraciones de Jorge A. Ávila. aBogotá :bPanamericana,c2008. a147 p. :bil. ;c21 cm.1 aLiteratura Juvenil aIncluye datos biográficos del autor en la solapa de la contracubierta aLa biblitoeca posee la 7ma. reimpresión1 aA. Ávila, Jorge,eil. 0aLiteratura juvenil